Table de 14 - Statistiques

Statistiques générales
  • Ce quiz a été pris 138 fois
    112 depuis la dernière actualisation
  • Le résultat moyen est 12 sur 20
Statistiques - réponses
Hint Réponse % Correct
14 x 10 = 140
79%
14 x 1 = 14
74%
14 x 11 = 154
74%
14 x 2 = 28
74%
14 x 20 = 280
74%
14 x 3 = 42
74%
14 x 4 = 56
74%
14 x 6 = 84
74%
14 x 7 = 98
68%
14 x 9 = 126
58%
14 x 12 = 168
58%
14 x 13 = 182
58%
14 x 14 = 196
58%
14 x 8 = 112
53%
14 x 18 = 252
53%
14 x 19 = 266
53%
14 x 5 = 70
53%
14 x 15 = 210
47%
14 x 16 = 224
42%
14 x 17 = 238
32%
Aucun quiz correspondant
Distribution des résultats
% des personnes avec chaque résultat
Percentile par nombre de réponses
Votre historique - résultats
Vous n’avez pas pris ce quiz depuis la dernière actualisation